Artist and naturalist in Ethiopia /

Bibliographic Details
Main Author: Fuertes, Louis Agassiz, 1874-1927
Other Authors: Osgood, Wilfred Hudson, 1875-1947
Format: Book
Language:English
Published: Garden City, N. Y. : Doubleday, Doran & co., inc., 1936.
Edition:1st ed.
Subjects:

MARC

Tag First Indicator Second Indicator Subfields
LEADER 00000cam a2200000 a 4500
001 in00000042442
005 20151007072722.0
008 721121s1936 nyuaf 00010 eng u
010 |a  36033444  
035 |a (OCoLC)00499512 
035 |9 AAE8431AM 
040 |c KSU  |d m.c.  |d TXA  |d UtOrBLW 
049 |a TXAM [Also in] [Sp Coll]  |c 1 [122691]  |a TXAS  |c 2 [1422988] 
050 0 0 |a QL337.E8  |b F83 
100 1 |a Fuertes, Louis Agassiz,  |d 1874-1927. 
245 1 0 |a Artist and naturalist in Ethiopia /  |c by Louis Agassiz Fuertes and Wilfred Hudson Osgood ; illustrations painted from life by Louis Agassiz Fuertes and reproduced in this volume by special permission of Field museum of natural history. 
250 |a 1st ed. 
264 1 |a Garden City, N. Y. :  |b Doubleday, Doran & co., inc.,  |c 1936. 
300 |a vi, 249 pages, 14 unnumbered leaves of color plates :  |b illustrations ;  |c 26 cm. 
336 |a text  |b txt  |2 rdacontent 
337 |a unmediated  |b n  |2 rdamedia 
338 |a volume  |b nc  |2 rdacarrier 
500 |a Day-by-day record of actual experiences of the artist and ornithologist and the leader of the Field museum-Chicago daily news Ethiopian expedition. 
500 |a Appendix. Louis Agassiz Fuertes: a biography by Mr. Osgood reprinted from Science, November 18, 1927, volume LXVI, number 1716: pages [239]-249. 
611 2 0 |a Field Museum-Chicago Daily News Abyssinian Expedition  |d (1926-1927) 
650 0 |a Zoology  |z Ethiopia. 
651 0 |a Ethiopia  |x Description and travel. 
700 1 |a Osgood, Wilfred Hudson,  |d 1875-1947. 
999 |a MARS 
999 f f |s e9c4f25e-6701-3f09-b0ce-2669e7b7d328  |i 56d67dbc-97eb-35c8-b7cc-03fe564a9f8a  |t 0 
952 f f |p noncirc  |a Texas A&M University  |b College Station  |c Cushing Memorial Library & Archives  |d Cushing: Kincaid/Africa (Remote Storage: 2-3 day retrieval)  |t 0  |e QL337.E8 F83  |h Library of Congress classification  |i unmediated -- volume  |m A14808905609 
952 f f |p ric  |a Texas A&M University  |b Rellis Campus  |c Joint Library Facility  |d Remote Storage  |t 0  |e QL337.E8 F83  |h Library of Congress classification  |i unmediated -- volume  |m A14801009591 
998 f f |a QL337.E8 F83  |t 0  |l Remote Storage 
998 f f |a QL337.E8 F83  |t 0  |l Cushing: Kincaid/Africa (Remote Storage: 2-3 day retrieval)